=LDR 00000nam 2200000 4500 =001 INLIS000000000006240 =005 20251106083507 =035 ##$$a 0010-1125000114 =007 ta =008 251106###########################0#ind## =082 ##$$a 312.1 =084 ##$$a 312.1 BAD s =100 #$$a Badan Koordinasi Keluarga Berencana Nasional =245 1#$$a Sampel Vital Registration The First Year /$c Badan Koordinasi Keluarga Berencana Nasional =260 ##$$a Jakarta :$b Badan Koordinasi Keluarga Berencana Nasional =300 ##$$a 22 Hal : $b Ilus ; $c 21 =650 #4$$a Keluarga Berencana =856 ##$$a Perpustakaan Kemendukbangga